[Event "III Festival Marche Estate Magistrale"]
[Site "Falconara Marittima ITA"]
[Date "2005.07.21"]
[Round "6"]
[White "Foglia, Maurizio"]
[Black "Dekker, Bart"]
[Result "1/2-1/2"]
[WhiteElo "2114"]
[BlackElo "2144"]
[PlyCount "52"]
[EventDate "2005.07.18"]

1.Nf3 Nf6 2.b3 g6 3.Bb2 Bg7 4.e3 O-O 5.d4 d6 6.Be2 Nbd7 7.c4 e5 8.Nc3 e4 
9.Nd2 Re8 10.Qc2 Qe7 11.O-O-O Nf8 12.h3 c6 13.Kb1 a6 14.g4 h6 15.Rdg1 d5 
16.f3 exf3 17.Bxf3 Be6 18.e4 Qd7 19.Na4 Qd8 20.Nc5 b6 21.Nxe6 Nxe6 22.e5 
Nh7 23.cxd5 cxd5 24.Qc6 Nf4 25.Rf1 Re6 26.Qc3 Rc8 1/2-1/2

[Event "III Festival Marche Estate Magistrale"]
[Site "Falconara Marittima ITA"]
[Date "2005.07.21"]
[Round "6"]
[White "Giacometti, Carlo"]
[Black "Mazzariol, Oscar"]
[Result "1-0"]
[WhiteElo "2089"]
[BlackElo "2078"]
[PlyCount "49"]
[EventDate "2005.07.18"]

1.Nc3 d6 2.d4 g6 3.e4 Nf6 4.Be2 Bg7 5.Be3 Nbd7 6.f4 c5 7.e5 Ng8 8.Nf3 Nh6 
9.dxc5 Nf5 10.Bf2 dxe5 11.fxe5 Qa5 12.O-O Nxe5 13.Nxe5 Bxe5 14.Bb5+ Kf8 
15.Bc4 Bxc3 16.bxc3 Qxc3 17.Bb3 h5 18.Qd5 e6 19.Qe4 a5 20.Rad1 Ra6 21.Rd3 
Qb4 22.Qe5 Rg8 23.Rd8+ Ke7 24.Rxg8 Bd7 25.Qb8 1-0

[Event "III Festival Marche Estate Magistrale"]
[Site "Falconara Marittima ITA"]
[Date "2005.07.21"]
[Round "6"]
[White "Gromovs, Sergejs"]
[Black "Del Dotto, Riccardo"]
[Result "0-1"]
[WhiteElo "2375"]
[BlackElo "2127"]
[PlyCount "148"]
[EventDate "2005.07.18"]

1.d4 d5 2.Nf3 c6 3.c4 Nf6 4.Nc3 a6 5.a4 e6 6.Bg5 Nbd7 7.e3 Bb4 8.Bd3 Qa5 
9.O-O Bxc3 10.bxc3 dxc4 11.Bxc4 Qxc3 12.Qe2 Ne4 13.Bf4 Qa5 14.Qd3 Ndf6 15.
g4 h6 16.h4 Bd7 17.Rfb1 Bc8 18.g5 hxg5 19.hxg5 Qf5 20.Qf1 Nh5 21.Qg2 Nxf4 
22.exf4 Qxf4 23.Re1 Rh5 24.g6 Nd2 25.gxf7+ Kf8 26.Nxd2 Rg5 27.Ne4 Rxg2+ 
28.Kxg2 Kxf7 29.Ra3 Kg8 30.Rf3 Qh4 31.Bd3 Bd7 32.Rh1 Qe7 33.Nc5 Qg5+ 34.
Rg3 Qd5+ 35.Be4 Qxd4 36.Rh5 Rf8 37.Bh7+ Kf7 38.Rhg5 Ke8 39.Bg6+ Ke7 40.Ne4
Be8 41.R3g4 Bxg6 42.Rxg6 Rf7 43.f3 Qb2+ 44.Kg3 Qa3 45.Ng5 Qd6+ 46.Kg2 Qd2+
47.Kg3 Qe1+ 48.Kg2 Qe2+ 49.Kg3 Qe5+ 50.Kg2 Rf4 51.Rg3 Rxa4 52.Rxe6+ Qxe6 
53.Nxe6 Kxe6 54.Rxg7 Rb4 55.Kg3 a5 56.f4 a4 57.Rg8 a3 58.Ra8 Rb3+ 59.Kg4 
c5 60.Kg5 Rg3+ 61.Kh4 Rd3 62.Kg5 b5 63.f5+ Kd7 64.f6 Rf3 65.Ra7+ Kd6 66.f7
b4 67.Kg6 Rxf7 68.Kxf7 c4 69.Kf6 c3 70.Ra6+ Kd5 71.Ra5+ Kd4 72.Ra4 Kc4 73.
Ke5 c2 74.Ra8 Kb3 0-1

[Event "III Festival Marche Estate Magistrale"]
[Site "Falconara Marittima ITA"]
[Date "2005.07.21"]
[Round "6"]
[White "Maksimenko, Andrei"]
[Black "Ferretti, Folco"]
[Result "1-0"]
[WhiteElo "2505"]
[BlackElo "2272"]
[PlyCount "63"]
[EventDate "2005.07.18"]

1.c4 Nf6 2.d4 e6 3.Nc3 Bb4 4.Qc2 O-O 5.Nf3 c5 6.dxc5 Bxc5 7.Bf4 d5 8.e3 
Nc6 9.a3 Qa5 10.Nd2 Bb4 11.cxd5 exd5 12.Bd3 d4 13.O-O Bxc3 14.Nc4 Qh5 15.
bxc3 dxe3 16.Nxe3 Be6 17.Rfb1 a6 18.Rxb7 Nd5 19.Nxd5 Bxd5 20.Rb6 a5 21.c4 
Nd4 22.Qd1 Qxd1+ 23.Rxd1 Be6 24.Bd6 Rfe8 25.c5 Bb3 26.Rb1 Ba4 27.f3 Bc6 
28.Rd1 Ba4 29.Bxh7+ Kxh7 30.Rxd4 Bd7 31.c6 Be6 32.c7 1-0

[Event "III Festival Marche Estate Magistrale"]
[Site "Falconara Marittima ITA"]
[Date "2005.07.21"]
[Round "6"]
[White "Okhotnik, Vladimir"]
[Black "Drazic, Sinisa"]
[Result "0-1"]
[WhiteElo "2404"]
[BlackElo "2497"]
[PlyCount "107"]
[EventDate "2005.07.18"]

1.Nf3 Nf6 2.d4 d5 3.c4 dxc4 4.e3 g6 5.Bxc4 Bg7 6.h3 O-O 7.O-O Nc6 8.Nc3 
Nd7 9.Bb5 Ncb8 10.e4 c6 11.Bc4 Nb6 12.Bb3 h6 13.Ne5 e6 14.f4 N8d7 15.Be3 
Qe7 16.Rc1 Kh7 17.Qf3 Nf6 18.g4 Nbd7 19.Nd3 Ng8 20.e5 f5 21.gxf5 gxf5 22.
Rf2 Qf7 23.Kh2 Ne7 24.Rg2 Rg8 25.Rcg1 Nb6 26.Bf2 Bf8 27.Bh4 Rxg2+ 28.Qxg2 
Ng8 29.Bd1 Qg7 30.Qc2 Qf7 31.Nc5 Nd5 32.Nxd5 cxd5 33.Bf3 Be7 34.Bxe7 Nxe7 
35.Qg2 b6 36.Bh5 Qf8 37.Nd3 Bd7 38.Qd2 Be8 39.Bf3 Nc6 40.Qf2 Rc8 41.Rc1 
Rc7 42.b4 Rg7 43.a3 a5 44.bxa5 Qxa3 45.Be2 Nxa5 46.Rc8 Bh5 47.Bxh5 Qxd3 
48.Re8 Nc4 49.Be2 Qe3 50.Qxe3 Nxe3 51.Bh5 Nf1+ 52.Kh1 Ng3+ 53.Kh2 Nxh5 54.
Rxe6 0-1

[Event "III Festival Marche Estate Magistrale"]
[Site "Falconara Marittima ITA"]
[Date "2005.07.21"]
[Round "6"]
[White "Pegoraro, Nicola"]
[Black "Gardon, Ermanno"]
[Result "1-0"]
[WhiteElo "2085"]
[BlackElo "2178"]
[PlyCount "171"]
[EventDate "2005.07.18"]

1.e4 e6 2.d4 d5 3.e5 c5 4.c3 Nc6 5.Be3 cxd4 6.cxd4 Nge7 7.Bd3 Nf5 8.Nf3 
Qb6 9.Qd2 Bd7 10.O-O Nb4 11.Bxf5 exf5 12.Nc3 Be6 13.a3 Nc6 14.b4 h6 15.h4 
Be7 16.Na4 Qd8 17.h5 g5 18.hxg6 fxg6 19.Bxh6 g5 20.Bxg5 Bxg5 21.Qxg5 Qxg5 
22.Nxg5 Nxd4 23.f3 Bd7 24.Nc5 Bb5 25.Rfd1 Ne2+ 26.Kf2 Rg8 27.Nh3 O-O-O 28.
Rd2 b6 29.Nb3 Ng3 30.Nd4 Bc4 31.Nf4 Kb7 32.Rc1 Rde8 33.e6 Re7 34.b5 Rh7 
35.a4 Rh4 36.Nh3 f4 37.Re1 Kc7 38.e7 Kd7 39.e8=Q+ Rxe8 40.Rxe8 Kxe8 41.Ne6
Nf1 42.Rd4 Ne3 43.Nexf4 Nf5 44.Rd2 Ne7 45.g4 Rh8 46.Ke3 Kf7 47.Nf2 Kf6 48.
Ne2 Ng6 49.Nd3 Re8+ 50.Kf2 Kg5 51.Nd4 Rh8 52.Kg3 Bxd3 53.Rxd3 Nf4 54.Rc3 
Rh3+ 55.Kf2 Rh2+ 56.Ke3 Ra2 57.Rc8 Ra3+ 58.Kf2 Ra2+ 59.Ke3 Ra3+ 60.Kf2 
Rxa4 61.Rg8+ Ng6 62.Nc6 Kf6 63.Kg3 Ra3 64.Ra8 Rb3 65.Rxa7 Rxb5 66.Rd7 Rc5 
67.Rd6+ Kf7 68.Nb4 Rc4 69.Rxb6 Rd4 70.Nc6 Rd3 71.Rb4 Rc3 72.Nd4 Ne5 73.Ra4
Rd3 74.Kf4 Nc4 75.Nf5 Nd2 76.Nh4 Nc4 77.g5 Rd4+ 78.Kg3 Rd3 79.g6+ Kg7 80.
Ra7+ Kg8 81.Nf5 Rxf3+ 82.Kxf3 Ne5+ 83.Kf4 Nxg6+ 84.Kg5 Nf8 85.Ne7+ Kh8 86.
Kf6 1-0

[Event "III Festival Marche Estate Magistrale"]
[Site "Falconara Marittima ITA"]
[Date "2005.07.21"]
[Round "6"]
[White "Rago, Riccardo"]
[Black "Rinaudo, Sergio"]
[Result "1/2-1/2"]
[WhiteElo "2111"]
[BlackElo "2087"]
[PlyCount "92"]
[EventDate "2005.07.18"]

1.e4 e5 2.Nf3 Nf6 3.Nxe5 d6 4.Nf3 Nxe4 5.d4 d5 6.Bd3 Nc6 7.O-O Be7 8.c4 
Bg4 9.Nc3 Nf6 10.cxd5 Nxd5 11.Bc4 Nb6 12.Be2 O-O 13.Be3 Re8 14.d5 Nb4 15.
Bxb6 axb6 16.Nd4 Bxe2 17.Ndxe2 Ra5 18.Qb3 Nxd5 19.Rfd1 Nxc3 20.Rxd8 Nxe2+ 
21.Kf1 Bxd8 22.Rd1 Rae5 23.Rd7 R5e7 24.Rxe7 Rxe7 25.Qd3 Re8 26.Qd7 Kf8 27.
g3 c6 28.Qxb7 c5 29.Qb8 Nd4 30.Qd6+ Kg8 31.Qd7 Rf8 32.b3 b5 33.b4 Bf6 34.
bxc5 Ne6 35.c6 Bd8 36.f4 g6 37.g4 Nc5 38.Qa7 Ne6 39.Qd7 Nc5 40.Qa7 Ne6 41.
f5 Nc7 42.Qd4 Re8 43.Qd7 Kf8 44.h3 g5 45.Qd6+ Kg7 46.Qd7 Kf8 1/2-1/2

[Event "III Festival Marche Estate Magistrale"]
[Site "Falconara Marittima ITA"]
[Date "2005.07.21"]
[Round "6"]
[White "Raineri, Valerio"]
[Black "Astengo, Corrado"]
[Result "1-0"]
[WhiteElo "2145"]
[BlackElo "2129"]
[PlyCount "65"]
[EventDate "2005.07.18"]

1.e4 c5 2.Nf3 d6 3.d4 cxd4 4.Nxd4 Nf6 5.Nc3 a6 6.Be3 e5 7.Nb3 Be6 8.f3 Be7
9.Qd2 Nbd7 10.O-O-O Rc8 11.Kb1 b5 12.Nd5 Nxd5 13.exd5 Bf5 14.Bd3 Bxd3 15.
Qxd3 O-O 16.g4 Qc7 17.h4 Nb6 18.f4 exf4 19.Bxf4 Qc4 20.Qxc4 Rxc4 21.Be3 
Nd7 22.Nd4 Ne5 23.b3 Rc7 24.g5 Rfc8 25.Rd2 Bf8 26.Bf4 Nd7 27.Nf5 Nc5 28.
Nxd6 Rd8 29.Nxb5 Rcd7 30.Nc3 g6 31.Be3 Nb7 32.Ne4 Bg7 33.Bb6 1-0

[Event "III Festival Marche Estate Magistrale"]
[Site "Falconara Marittima ITA"]
[Date "2005.07.21"]
[Round "6"]
[White "Rinaudo, Andrea"]
[Black "Rossi, Aldo A."]
[Result "1/2-1/2"]
[WhiteElo "2130"]
[BlackElo "2154"]
[PlyCount "45"]
[EventDate "2005.07.18"]

1.e4 c5 2.Nf3 d6 3.Bb5+ Bd7 4.Bxd7+ Qxd7 5.c4 Nc6 6.Nc3 Nf6 7.d4 cxd4 8.
Nxd4 g6 9.f3 Bg7 10.Be3 O-O 11.O-O Qd8 12.Qd2 Qa5 13.b3 Rfd8 14.Rfd1 Nd7 
15.Rac1 Nxd4 16.Bxd4 Bxd4+ 17.Qxd4 Qc5 18.Nd5 Kf8 19.Kf1 Qxd4 20.Rxd4 Rac8
21.Rcd1 Nc5 22.Nc3 Ne6 23.R4d3 1/2-1/2

[Event "III Festival Marche Estate Magistrale"]
[Site "Falconara Marittima ITA"]
[Date "2005.07.21"]
[Round "6"]
[White "Santurbano, Maria Vincenza"]
[Black "Padovani, Alessio"]
[Result "0-1"]
[WhiteElo "2001"]
[BlackElo "2008"]
[PlyCount "60"]
[EventDate "2005.07.18"]

1.e4 d5 2.exd5 Qxd5 3.Nc3 Qa5 4.d4 Bf5 5.Nf3 Nf6 6.Bc4 e6 7.O-O Bb4 8.d5 
Bxc3 9.dxe6 Bxe6 10.Bxe6 fxe6 11.bxc3 O-O 12.Rb1 b6 13.Re1 Qxa2 14.Rb3 
Nbd7 15.Rxe6 Nc5 16.Re7 Nxb3 17.cxb3 Rad8 18.Bd2 Nd5 19.Re1 Nxc3 20.Qc1 
Rxf3 21.Bxc3 Qxf2+ 22.Kh1 Rf5 23.h3 Qg3 24.Bd2 Rf2 25.Qc4+ Kh8 26.Qe4 Rdf8
27.Be3 Rxg2 28.Qxg2 Qxe1+ 29.Bg1 Qf1 30.Qg4 Qf3+ 0-1

[Event "III Festival Marche Estate Magistrale"]
[Site "Falconara Marittima ITA"]
[Date "2005.07.21"]
[Round "6"]
[White "Stromboli, Carlo"]
[Black "Borgiani, Flavio"]
[Result "1-0"]
[WhiteElo "2158"]
[BlackElo "2208"]
[PlyCount "121"]
[EventDate "2005.07.18"]

1.e4 e6 2.d4 c5 3.Nf3 a6 4.Nc3 cxd4 5.Nxd4 Qc7 6.Be2 Nc6 7.Be3 Nf6 8.O-O 
Bb4 9.Na4 Ne7 10.c4 d6 11.a3 Bc5 12.e5 Nd7 13.b4 Bxd4 14.exd6 Qxd6 15.Qxd4
Qxd4 16.Bxd4 e5 17.Bb2 O-O 18.c5 Ng6 19.Rad1 Nf6 20.Bd3 e4 21.Nb6 Bg4 22.
f3 exf3 23.gxf3 Bh3 24.Nxa8 Bxf1 25.Kxf1 Rxa8 26.Bxg6 hxg6 27.Rd6 Re8 28.
Bxf6 gxf6 29.Rxf6 a5 30.Kf2 axb4 31.axb4 Kg7 32.Rb6 Re7 33.c6 bxc6 34.Rxc6
Rb7 35.Rc4 Kf6 36.Ke3 Ke5 37.Re4+ Kd5 38.Kd3 Ra7 39.Rd4+ Kc6 40.Kc4 Ra1 
41.b5+ Kb6 42.Rd6+ Kb7 43.Rd7+ Kb6 44.Rxf7 Rc1+ 45.Kd5 Rc5+ 46.Ke6 Rh5 47.
Kf6 Rxh2 48.Kxg6 Rg2+ 49.Kf5 Kxb5 50.Rc7 Rg8 51.f4 Kb6 52.Re7 Rf8+ 53.Ke5 
Kc6 54.f5 Ra8 55.f6 Ra1 56.f7 Rf1 57.Ke6 Rf2 58.Re8 Re2+ 59.Kf6 Rf2+ 60.
Kg6 Rg2+ 61.Kh5 1-0

[Event "III Festival Marche Estate Magistrale"]
[Site "Falconara Marittima ITA"]
[Date "2005.07.21"]
[Round "6"]
[White "Stromboli, Ettore"]
[Black "Tencati, Giuseppe"]
[Result "1/2-1/2"]
[WhiteElo "2192"]
[BlackElo "2109"]
[PlyCount "60"]
[EventDate "2005.07.18"]

1.e4 e6 2.d4 d5 3.e5 c5 4.c3 Nc6 5.Nf3 Qb6 6.Be2 Nh6 7.b3 cxd4 8.cxd4 Nf5 
9.Bb2 Bb4+ 10.Kf1 h5 11.Na3 Bd7 12.Nc2 Be7 13.Ne3 g6 14.Nxf5 exf5 15.Qd2 
Rc8 16.Rc1 Nd8 17.Rxc8 Bxc8 18.Qc1 Qc6 19.Qxc6+ Nxc6 20.Bd3 Nd8 21.Ke2 Ne6
22.g3 Bd7 23.Ne1 O-O 24.f4 Rc8 25.Nf3 Bb5 26.Rc1 Bxd3+ 27.Kxd3 Rxc1 28.
Bxc1 Kf8 29.Ne1 Ke8 30.Nc2 Kd7 1/2-1/2

[Event "III Festival Marche Estate Magistrale"]
[Site "Falconara Marittima ITA"]
[Date "2005.07.22"]
[Round "7"]
[White "Astengo, Corrado"]
[Black "Santurbano, Maria Vincenza"]
[Result "1-0"]
[WhiteElo "2129"]
[BlackElo "2001"]
[PlyCount "47"]
[EventDate "2005.07.18"]

1.e4 c5 2.Nf3 d6 3.d4 cxd4 4.Nxd4 e5 5.Bb5+ Nd7 6.Nf5 Qb6 7.Nc3 a6 8.Be3 
Qd8 9.Ba4 b5 10.Qd5 Rb8 11.Bb3 Qf6 12.O-O-O b4 13.Ne2 Bb7 14.Nxd6+ Bxd6 
15.Qxd6 Qxd6 16.Rxd6 Bxe4 17.Ba4 Nf6 18.Rhd1 Rb7 19.Ng3 Bxg2 20.Bg5 Bh3 
21.Bxf6 gxf6 22.Ne4 Ke7 23.Rxa6 Bf5 24.Nd6 1-0

[Event "III Festival Marche Estate Magistrale"]
[Site "Falconara Marittima ITA"]
[Date "2005.07.22"]
[Round "7"]
[White "Borgiani, Flavio"]
[Black "Zilahi, Gabor"]
[Result "1-0"]
[WhiteElo "2208"]
[BlackElo "2117"]
[PlyCount "69"]
[EventDate "2005.07.18"]

1.d4 Nf6 2.Nf3 e6 3.c4 c5 4.Nc3 cxd4 5.Nxd4 a6 6.e4 Qc7 7.a3 Bc5 8.Be3 Nc6
9.Nxe6 fxe6 10.Bxc5 Qe5 11.Bd6 Qd4 12.Qxd4 Nxd4 13.O-O-O Nc6 14.f3 Kf7 15.
Na4 b5 16.Nb6 Ra7 17.e5 Nh5 18.cxb5 axb5 19.Bxb5 Rb7 20.Bxc6 Rxb6 21.Ba4 
Nf4 22.Rd2 Ba6 23.Kb1 Rb7 24.Rc1 Ra8 25.Bc2 Nd5 26.Be4 Rb5 27.a4 Ra5 28.b3
Bb7 29.Kb2 Bc6 30.Rd4 R8a7 31.Rc5 R5a6 32.Bd3 Rb6 33.a5 Rbb7 34.Ka3 Ne7 
35.Rf4+ 1-0

[Event "III Festival Marche Estate Magistrale"]
[Site "Falconara Marittima ITA"]
[Date "2005.07.22"]
[Round "7"]
[White "Brigati, Alessandro"]
[Black "Rinaudo, Andrea"]
[Result "1/2-1/2"]
[WhiteElo "2034"]
[BlackElo "2130"]
[PlyCount "47"]
[EventDate "2005.07.18"]

1.Nf3 c5 2.e3 Nf6 3.d4 e6 4.Nbd2 Be7 5.b3 O-O 6.Bb2 b6 7.Bd3 d6 8.O-O Bb7 
9.Qe2 Nbd7 10.Rfd1 Nd5 11.a3 cxd4 12.Nxd4 Ne5 13.Be4 Qd7 14.c4 Nf6 15.Bxb7
Qxb7 16.N2f3 Nxf3+ 17.Qxf3 Qxf3 18.gxf3 Rfc8 19.Rac1 d5 20.cxd5 Nxd5 21.
Nc6 Bc5 22.Nd4 Kf8 23.Kf1 a6 24.Ke2 1/2-1/2

[Event "III Festival Marche Estate Magistrale"]
[Site "Falconara Marittima ITA"]
[Date "2005.07.22"]
[Round "7"]
[White "Dekker, Bart"]
[Black "Maksimenko, Andrei"]
[Result "1/2-1/2"]
[WhiteElo "2144"]
[BlackElo "2505"]
[PlyCount "30"]
[EventDate "2005.07.18"]

1.d4 Nf6 2.c4 e6 3.Nc3 Bb4 4.f3 O-O 5.a3 Bxc3+ 6.bxc3 Ne8 7.e4 b6 8.Bd3 
Ba6 9.Nh3 Nc6 10.e5 f5 11.O-O Na5 12.Qe2 Qc8 13.Bf4 Qb7 14.g4 Qc6 15.gxf5 
Bxc4 1/2-1/2

[Event "III Festival Marche Estate Magistrale"]
[Site "Falconara Marittima ITA"]
[Date "2005.07.22"]
[Round "7"]
[White "Del Dotto, Riccardo"]
[Black "Capuano, Eugenio"]
[Result "0-1"]
[WhiteElo "2127"]
[BlackElo "2173"]
[PlyCount "162"]
[EventDate "2005.07.18"]

1.d4 Nf6 2.Nf3 g6 3.Bf4 Bg7 4.h3 O-O 5.e3 d6 6.Be2 Nfd7 7.O-O e5 8.Bh2 Nc6
9.c4 f5 10.Nc3 g5 11.d5 Ncb8 12.e4 f4 13.b4 a5 14.a3 axb4 15.axb4 Rxa1 16.
Qxa1 h5 17.Nd2 Nf6 18.Rc1 g4 19.hxg4 hxg4 20.Nb5 Bh6 21.Qc3 Nh5 22.Ra1 Qg5
23.Nf1 f3 24.Bd1 fxg2 25.Ng3 Nf4 26.Ra2 Rf7 27.c5 Bf8 28.cxd6 Rh7 29.Nf5 
Bxf5 30.Qg3 Nh3+ 31.Kxg2 Bxe4+ 32.f3 gxf3+ 33.Bxf3 Bxf3+ 34.Kxf3 Qxg3+ 35.
Bxg3 cxd6 36.Ra8 Na6 37.Nxd6 Nxb4 38.Ke4 Ng5+ 39.Kxe5 Nf7+ 40.Nxf7 Rxf7 
41.Kd4 Rd7 42.d6 Kf7 43.Kc5 Nc6 44.Rc8 Bg7 45.Rc7 Ke6 46.Rxd7 Kxd7 47.Kb6 
Nd8 48.Kc5 Bh6 49.Kd5 Nf7 50.Kc5 Be3+ 51.Kd5 Ba7 52.Bf4 Bb8 53.Bd2 Bxd6 
54.Be3 Nd8 55.Bb6 Ne6 56.Be3 Nc7+ 57.Kc4 Kc6 58.Bf2 b5+ 59.Kb3 Ne6 60.Be3 
Bc5 61.Bd2 Kd5 62.Bc1 Nd4+ 63.Kb2 Kc4 64.Bd2 Bb4 65.Bg5 Bc3+ 66.Kb1 Kb3 
67.Be7 Nc2 68.Kc1 Na3 69.Bf8 Bb4 70.Bh6 Nc4 71.Bg7 Ba3+ 72.Kd1 Ka2 73.Bc3 
Bb2 74.Bb4 Kb3 75.Bf8 Be5 76.Be7 Kc3 77.Bh4 Kd3 78.Kc1 b4 79.Be1 b3 80.Bb4
b2+ 81.Kb1 Nd2+ 0-1

[Event "III Festival Marche Estate Magistrale"]
[Site "Falconara Marittima ITA"]
[Date "2005.07.22"]
[Round "7"]
[White "Drazic, Sinisa"]
[Black "Dvirnyy, Danyyil"]
[Result "1-0"]
[WhiteElo "2497"]
[BlackElo "2141"]
[PlyCount "49"]
[EventDate "2005.07.18"]

1.d4 Nf6 2.Nc3 d5 3.Bg5 e6 4.e4 dxe4 5.Nxe4 Be7 6.Bxf6 Bxf6 7.Nf3 b6 8.
Bb5+ Bd7 9.Bd3 Bc6 10.c3 Nd7 11.Qe2 Qe7 12.O-O-O O-O 13.h4 e5 14.dxe5 Bxe5
15.Kb1 Rfe8 16.Neg5 h6 17.Bc4 hxg5 18.Nxg5 Bxc3 19.Qc2 Be4 20.Nxe4 Bf6 21.
Ng5 Bxg5 22.hxg5 Nf8 23.g6 Ne6 24.f4 fxg6 25.Qxg6 1-0

[Event "III Festival Marche Estate Magistrale"]
[Site "Falconara Marittima ITA"]
[Date "2005.07.22"]
[Round "7"]
[White "Ferretti, Folco"]
[Black "Stromboli, Ettore"]
[Result "1-0"]
[WhiteElo "2272"]
[BlackElo "2192"]
[PlyCount "85"]
[EventDate "2005.07.18"]

1.Nf3 Nf6 2.c4 b6 3.g3 Bb7 4.Bg2 e6 5.O-O Be7 6.Nc3 O-O 7.Re1 d6 8.e4 c5 
9.d4 cxd4 10.Nxd4 Nfd7 11.b3 a6 12.Bb2 Qc7 13.Rc1 Nc6 14.Nd5 Qd8 15.Nxc6 
Bxc6 16.Nxe7+ Qxe7 17.Ba3 Nc5 18.b4 Nb7 19.Qd4 Qc7 20.Red1 Rfd8 21.Bb2 e5 
22.Qe3 Bd7 23.f4 f6 24.Bf1 Be8 25.f5 a5 26.a3 Bf7 27.g4 axb4 28.axb4 Ra4 
29.Bc3 Ra3 30.g5 Kh8 31.gxf6 gxf6 32.Qh6 Qe7 33.Kh1 Rg8 34.Be2 Ra2 35.Rd2 
Rxd2 36.Bxd2 Nd8 37.Be1 Rf8 38.Bh4 Bg8 39.Rg1 Nc6 40.Rg6 Nd4 41.Bd3 Qa7 
42.Qxf8 hxg6 43.Qh6+ 1-0

[Event "III Festival Marche Estate Magistrale"]
[Site "Falconara Marittima ITA"]
[Date "2005.07.22"]
[Round "7"]
[White "Foglia, Maurizio"]
[Black "Okhotnik, Vladimir"]
[Result "0-1"]
[WhiteElo "2114"]
[BlackElo "2404"]
[PlyCount "53"]
[EventDate "2005.07.18"]

1.Nf3 f5 2.b3 Nf6 3.Bb2 e6 4.e3 Be7 5.Be2 O-O 6.c4 b6 7.O-O Bb7 8.Nc3 Ne4 
9.d3 Nxc3 10.Bxc3 Bf6 11.Qc2 Nc6 12.d4 Ne7 13.Nd2 g5 14.e4 Ng6 15.Rfe1 Bg7
16.exf5 Nh4 17.d5 exd5 18.Bxg7 Kxg7 19.Qc3+ Qf6 20.Qxf6+ Rxf6 21.g4 dxc4 
22.bxc4 Re8 23.f3 Re5 24.Kf2 Rf8 25.h3 Rfe8 26.Rad1 Ng2 27.Ne4 0-1

[Event "III Festival Marche Estate Magistrale"]
[Site "Falconara Marittima ITA"]
[Date "2005.07.22"]
[Round "7"]
[White "Gardon, Ermanno"]
[Black "Rago, Riccardo"]
[Result "1-0"]
[WhiteElo "2178"]
[BlackElo "2111"]
[PlyCount "57"]
[EventDate "2005.07.18"]

1.c4 e6 2.Nc3 d5 3.cxd5 exd5 4.d4 Nf6 5.Bg5 Nbd7 6.e3 c6 7.Bd3 Be7 8.Nge2 
O-O 9.O-O Re8 10.Qc2 h6 11.Bh4 Nf8 12.f3 c5 13.Qd2 cxd4 14.Nxd4 a6 15.Rfe1
Be6 16.Rad1 Bc5 17.Bb1 Rc8 18.Kh1 Bxd4 19.Qxd4 Rc4 20.Bxf6 Rxd4 21.Bxd8 
Rxd1 22.Rxd1 Rxd8 23.Be4 b5 24.a3 Rc8 25.Bxd5 b4 26.axb4 Rb8 27.Rd4 Bd7 
28.Bc4 g6 29.Bxa6 1-0

[Event "III Festival Marche Estate Magistrale"]
[Site "Falconara Marittima ITA"]
[Date "2005.07.22"]
[Round "7"]
[White "Mazzariol, Oscar"]
[Black "Faber, Hugo"]
[Result "1/2-1/2"]
[WhiteElo "2078"]
[BlackElo "2167"]
[PlyCount "64"]
[EventDate "2005.07.18"]

1.e4 Nf6 2.e5 Nd5 3.d4 d6 4.c4 Nb6 5.Nf3 g6 6.Be3 Bg7 7.exd6 cxd6 8.Nc3 
O-O 9.b3 Nc6 10.Qd2 Re8 11.Be2 d5 12.c5 Nd7 13.Rc1 Nxc5 14.dxc5 d4 15.Nxd4
Nxd4 16.O-O Bf5 17.Rfd1 Nxe2+ 18.Nxe2 Qc7 19.Nd4 Rad8 20.Qb4 Qd7 21.Rd2 
Be4 22.c6 Qg4 23.f3 Bxf3 24.c7 Rc8 25.Qb5 Qe4 26.Rd3 Bxg2 27.Qxe8+ Rxe8 
28.c8=Q Rf8 29.Qc2 Bh3 30.Qd2 e5 31.Nb5 Qg4+ 32.Kh1 Qf3+ 1/2-1/2

[Event "III Festival Marche Estate Magistrale"]
[Site "Falconara Marittima ITA"]
[Date "2005.07.22"]
[Round "7"]
[White "Padovani, Alessio"]
[Black "Raineri, Valerio"]
[Result "1/2-1/2"]
[WhiteElo "2008"]
[BlackElo "2145"]
[PlyCount "81"]
[EventDate "2005.07.18"]

1.c4 Nf6 2.g3 g6 3.Bg2 Bg7 4.Nc3 d6 5.d3 e5 6.Bg5 h6 7.Bd2 O-O 8.e4 Nc6 9.
Nge2 Be6 10.Nd5 Ne8 11.O-O Qd7 12.b4 Bh3 13.b5 Nd8 14.Rb1 Bxg2 15.Kxg2 f5 
16.Nec3 c6 17.Nb4 f4 18.f3 h5 19.bxc6 bxc6 20.Qa4 Rf7 21.Ne2 g5 22.h3 Nf6 
23.Rh1 g4 24.Rbf1 fxg3 25.Nxg3 d5 26.cxd5 cxd5 27.Qxd7 Rxd7 28.fxg4 hxg4 
29.Bg5 a5 30.Nxd5 gxh3+ 31.Kxh3 Nxd5 32.exd5 Rxd5 33.Rd1 Ne6 34.Ne4 Nxg5+ 
35.Nxg5 Rad8 36.Rh2 Rxd3+ 37.Rxd3 Rxd3+ 38.Kg4 Rd8 39.Ne6 Re8 40.Nxg7 Kxg7
41.Kf5 1/2-1/2

[Event "III Festival Marche Estate Magistrale"]
[Site "Falconara Marittima ITA"]
[Date "2005.07.22"]
[Round "7"]
[White "Rinaudo, Sergio"]
[Black "Cecchetto, Vanni"]
[Result "1-0"]
[WhiteElo "2087"]
[BlackElo "2019"]
[PlyCount "65"]
[EventDate "2005.07.18"]

1.d4 Nf6 2.Nf3 c5 3.e3 e6 4.Bd3 d5 5.b3 Nc6 6.Bb2 cxd4 7.exd4 Bb4+ 8.c3 
Bd6 9.O-O O-O 10.Re1 Ne7 11.Ne5 Ng6 12.Nd2 b6 13.g3 Bb7 14.Ndf3 Ne4 15.
Nxg6 hxg6 16.Nd2 f5 17.f3 Qg5 18.Nf1 Kf7 19.Bc1 Qf6 20.fxe4 dxe4 21.Bc4 
Rh8 22.Re2 Rh5 23.a4 Rah8 24.Ba3 Bxa3 25.Rxa3 f4 26.gxf4 Rf5 27.Ne3 Rxf4 
28.d5 Qxc3 29.dxe6+ Kf6 30.Bd5 Qc5 31.Bxb7 Rf3 32.b4 Qg5+ 33.Rg2 1-0

[Event "III Festival Marche Estate Magistrale"]
[Site "Falconara Marittima ITA"]
[Date "2005.07.22"]
[Round "7"]
[White "Rossi, Aldo A."]
[Black "Stromboli, Carlo"]
[Result "1/2-1/2"]
[WhiteElo "2154"]
[BlackElo "2158"]
[PlyCount "57"]
[EventDate "2005.07.18"]

1.Nf3 Nf6 2.c4 e6 3.g3 b6 4.Bg2 Bb7 5.O-O Be7 6.b3 O-O 7.Bb2 c5 8.Nc3 Nc6 
9.d4 d5 10.cxd5 exd5 11.dxc5 bxc5 12.Rc1 Nb4 13.a3 d4 14.Na4 Na6 15.Qd3 
Qa5 16.Nd2 Bxg2 17.Kxg2 Rab8 18.e3 Rfd8 19.exd4 cxd4 20.Rfe1 Qd5+ 21.f3 
Nc5 22.Nxc5 Bxc5 23.b4 Bb6 24.Ne4 Nxe4 25.Rxe4 Rd7 26.Rce1 g6 27.Re8+ Rxe8
28.Rxe8+ Kg7 29.Re2 1/2-1/2

[Event "III Festival Marche Estate Magistrale"]
[Site "Falconara Marittima ITA"]
[Date "2005.07.22"]
[Round "7"]
[White "Tencati, Giuseppe"]
[Black "Gromovs, Sergejs"]
[Result "1/2-1/2"]
[WhiteElo "2109"]
[BlackElo "2375"]
[PlyCount "95"]
[EventDate "2005.07.18"]

1.d4 c5 2.d5 g6 3.c4 Bg7 4.Nf3 d6 5.e4 Bg4 6.Be2 Nf6 7.Nc3 O-O 8.O-O a6 9.
a4 e6 10.h3 Bxf3 11.Bxf3 exd5 12.Nxd5 Nxd5 13.exd5 Nd7 14.Re1 Rb8 15.a5 
Bd4 16.Ra2 Qf6 17.b3 Ne5 18.Be4 Rfe8 19.Be3 Bc3 20.Bd2 Bd4 21.Be3 Nc6 22.
dxc6 Rxe4 23.Qf3 Qxf3 24.gxf3 Re7 25.Rd1 Bxe3 26.fxe3 bxc6 27.Rxd6 Rxe3 
28.Rxc6 Rbxb3 29.Rxa6 Rxf3 30.Rc6 Rxh3 31.Rxc5 Rbg3+ 32.Kf2 Ra3 33.Rxa3 
Rxa3 34.Rb5 Kf8 35.c5 Ke7 36.c6 Rc3 37.Rb7+ Ke6 38.c7 Kd7 39.c8=Q+ Kxc8 
40.Rxf7 Rc7 41.Rf6 Rg7 42.Kg3 Kd8 43.Kg4 Ra7 44.a6 Kc8 45.Kg5 Kb8 46.Re6 
Rc7 47.Kh6 Ka7 48.Rf6 1/2-1/2

[Event "III Festival Marche Estate Magistrale"]
[Site "Falconara Marittima ITA"]
[Date "2005.07.22"]
[Round "7"]
[White "Tomba, Ivan"]
[Black "Pegoraro, Nicola"]
[Result "1-0"]
[WhiteElo "2232"]
[BlackElo "2085"]
[PlyCount "81"]
[EventDate "2005.07.18"]

1.e4 c5 2.Nf3 d6 3.d4 cxd4 4.Nxd4 Nf6 5.Nc3 a6 6.Bc4 e6 7.Bb3 Nbd7 8.f4 
Nc5 9.Qf3 Be7 10.O-O O-O 11.f5 e5 12.Nde2 b5 13.Bg5 Nxb3 14.axb3 Bb7 15.
Bxf6 Bxf6 16.Rfd1 Rc8 17.Qd3 Qc7 18.b4 Rfd8 19.Ra3 Qc4 20.Rb3 h6 21.g3 Rd7
22.h4 Bd8 23.Rd2 Bb6+ 24.Kg2 Qxd3 25.Rxd3 Rc4 26.Kf3 Ba7 27.Rd2 Kf8 28.g4 
g6 29.f6 Ke8 30.Ng3 d5 31.Nxd5 Bxd5 32.Rxd5 Rxd5 33.exd5 Rf4+ 34.Kg2 Rxf6 
35.Rf3 Rd6 36.Ne4 Rd8 37.g5 h5 38.Ra3 Bd4 39.c3 Be3 40.Rxa6 Kf8 41.d6 1-0

[Event "III Festival Marche Estate Magistrale"]
[Site "Falconara Marittima ITA"]
[Date "2005.07.23"]
[Round "8"]
[White "Capuano, Eugenio"]
[Black "Drazic, Sinisa"]
[Result "0-1"]
[WhiteElo "2173"]
[BlackElo "2497"]
[PlyCount "84"]
[EventDate "2005.07.18"]

1.d4 c5 2.d5 e5 3.c4 d6 4.e4 Be7 5.Nf3 Nf6 6.Nc3 O-O 7.h3 Ne8 8.Bd3 Nd7 9.
Be3 a6 10.a4 b6 11.Qd2 Rb8 12.g4 Ndf6 13.Ng1 Kh8 14.Nge2 Ng8 15.g5 g6 16.
h4 Ng7 17.Ng3 Bg4 18.Be2 Bxe2 19.Kxe2 f5 20.h5 Qe8 21.hxg6 Qxg6 22.exf5 
Nxf5 23.Nxf5 Rxf5 24.Ne4 Bf8 25.Qd3 Rb7 26.Ng3 Ne7 27.Nxf5 Nxf5 28.Kd2 Kg8
29.Rab1 Bg7 30.Qe4 Rf7 31.b4 Nxe3 32.Qxg6 Nxc4+ 33.Kc3 hxg6 34.Kxc4 Rf4+ 
35.Kc3 e4+ 36.Kd2 Bd4 37.b5 Rxf2+ 38.Kd1 a5 39.Rh4 e3 40.Re4 Kf7 41.Rc1 
Rd2+ 42.Ke1 Rg2 0-1